Library Banner

Handbook of ant colony : (Record no. 112071)

MARC details
000 -LEADER
fixed length control field 00419nam a22001457a 4500
005 - DATE AND TIME OF LATEST TRANSACTION
control field 20190415102111.0
008 - FIXED-LENGTH DATA ELEMENTS--GENERAL INFORMATION
fixed length control field 190415b ||||| |||| 00| 0 eng d
020 ## - INTERNATIONAL STANDARD BOOK NUMBER
International Standard Book Number 9781781543078
040 ## - CATALOGING SOURCE
Transcribing agency PK-LaUMT
082 ## - DEWEY DECIMAL CLASSIFICATION NUMBER
Classification number 519.64
Item number HAN-
245 ## - TITLE STATEMENT
Title Handbook of ant colony :
Remainder of title optimisation, methods and techniques /
Statement of responsibility, etc edited by Ignacio Jose
260 ## - PUBLICATION, DISTRIBUTION, ETC. (IMPRINT)
Place of publication, distribution, etc London :
Name of publisher, distributor, etc Auris Reference,
Date of publication, distribution, etc 2015
300 ## - PHYSICAL DESCRIPTION
Extent 280 p.
942 ## - ADDED ENTRY ELEMENTS (KOHA)
Koha item type Books
Holdings
Withdrawn status Lost status Damaged status Home library Current library Date acquired Full call number Barcode Date last seen Price effective from Koha item type
      UMT Main Campus UMT Main Campus 2019-04-15 519.64 HAN- 128440 2019-04-15 2019-04-15 Books